000 00628nam a22002177a 4500
003 UA-OsUOA
001 111512
007 ta
008 20150525b un ||||| |||| 00| 0 ukr d
100 _aВасильченко М.
090 _a02
_bВ19
942 _cSA
040 _aUA-OsUOA
_bukr
_cUA-OsUOA
_dUA-OsUOA
245 _aБібліотечна справа на сторінках газет
300 _aС.12-15
955 _a0
041 _aukr
080 _a02
773 0 _w111511
_tБібліотечний форум України
_dДонецьк
_d2015
_g1
650 7 _a02 Бібліотечна справа
_2UDC
999 _c397616
_d397616